000 00409nam a22001697a 4500
005 20180226171436.0
008 160623b xxu||||| |||| 00| 0 eng d
020 _a81-7866-892-0
041 _aeng
082 _b9051
_a331
100 _aMamoria, Mamoria and Goankar
_94171
245 _aDynamics of Industrial Relations.
260 _bHPH
_c2004
300 _a882
650 _aManagement
_9241
942 _cBK
999 _c3601
_d3600